LEADER 03341nam0 22005293i 450 001 MIL0141619 005 20251003044225.0 010 $a8842025550 100 $a19930212d1985 ||||0itac50 ba 101 | $aita$cita 102 $ait 181 1$6z01$ai $bxxxe 182 1$6z01$an 183 1$6z01$anc$2RDAcarrier 200 1 $aIndustria e politica nella storia d'Italia$escritti scelti, 1861-1916$fGiuseppe Colombo$ga cura di Carlo G. Lacaita 210 $aMilano$cCARIPLO$aRoma$aBari$cLaterza$d1985 215 $a497 p.$cill.$d24 cm 225 | $aEconomia e società in Lombardia dall'età delle riforme alla grande crisi$v1 410 0$1001CFI0023448$12001 $aEconomia e società in Lombardia dall'età delle riforme alla grande crisi$v1 500 10$aIndustria e politica nella storia d'Italia.$3UBO4604092$9LO1V040965$9602027 606 $aItalia$xCondizioni economiche e sociali$xSec. 19.-20.$2FIR$3CFIC004040$9I 676 $a330.945$9SITUAZIONI E CONDIZIONI ECONOMICHE. ITALIA$v12 676 $a330.945$9SITUAZIONI E CONDIZIONI ECONOMICHE. ITALIA$v19 676 $a330.945$9SITUAZIONI E CONDIZIONI ECONOMICHE. Italia$v20 676 $a330.945$9SITUAZIONI E CONDIZIONI ECONOMICHE. ITALIA$v21 676 $a330.945$9Situazione e condizioni economiche. Italia$v22 676 $a330.945$9SITUAZIONI E CONDIZIONI ECONOMICHE. ITALIA$v23 676 $a338.0945$9PRODUZIONE. Italia$v21 686 $aSe.i.2.0$cStoria dell'economia italiana. Biografie e memoriali di industriali e finanzieri$2F 686 $aSe.i.7.0$cStoria dell'economia italiana. Lo sviluppo del capitalismo (1860-1914)$2F 700 1$aColombo$b, Giuseppe$f <1836-1921>$3LO1V040965$4070$0297891 702 1$aLacaita$b, Carlo G.$3CFIV055918 790 1$aColombo$b, G.$f <1836-1921>$3RT1V051067$zColombo, Giuseppe <1836-1921> 801 3$aIT$bIT-000000$c19930212 850 $aIT-BN0095 $aIT-SA0060 $aIT-NA0079 $aIT-NA0120 $aIT-NA0817 $aIT-NA0095 $aIT-NA0097 901 $bNAP SP$cSCIROCCO $nFondo Scirocco 901 $bNAP 27$cSALA $n$ 901 $bNAP BN$cC $nComprende volumi con collocazioni per formato catalogati prima del 1987. La consegna del doc. é effettuata dall'Uff. Distribuzione. 901 $bNAP SB$cSAB-CAM $n$ 901 $bNAP OS$cBIBLIOTECA$n$ 901 $bNAP SP$cNF. $nNUOVO FONDO 901 $bNAP 01$cPOZZO LIB.$nVi sono collocati fondi di economia, periodici di ingegneria e scienze, periodici di economia e statistica e altri fondi comprendenti documenti di economia pervenuti in dono. 912 $aMIL0141619 950 0$aBiblioteca Centralizzata di Ateneo$c1 v. in due copie$d 01POZZO LIB.DONI DEMM 374$e 01 0000092655E VMA (bis 1 v. (Copertina e progettazione grafica di Alberto Locatelli)$fB $h20221129$i20231019$c1 v. in due copie$d 01POZZO LIB.DONI DEMM 374$e 01 0000096155E VMA 1 v. (Copertina di Mauro Castellani)$fB $h20230427$i20231019$c1 v.$d 01POZZO LIB.F. ASSANTE 389$e 01 0060015865E VMA 1 v. (Precedente collocazione A 455)$fB $h20220922$i20220922 977 $a 01$a 27$a BN$a CR$a OS$a SB$a SP 996 $aIndustria e politica nella storia d'Italia$9602027 997 $aUNISANNIO